000 00588nam a2200229Ia 4500
008 210210b2009 xxu||||| |||| 00| 0 eng d
020 _a8173812373
041 _aeng
082 _a515.35 GHOI
100 _aGHOSH (Ram Krishna)
245 _aIntroduction to differential equations Ed 9
250 _a
260 _aLondon
_bNew Central Book Agency (P) Ltd.
_c2009
300 _axv,538
650 _ato
650 _aIntroduction
650 _aequations
650 _adifferential
690 _aDifferential Equations
700 _aMAITY (Kantish Chandra)
906 _a064802
999 _c141780
_d141780